000 00386nam a2200169Ia 4500
008 170705s9999 xx 000 0 und d
020 _a9780439639040
245 _aSuper fly guy /
245 _cTedd Arnold.
260 _aNew York :
260 _bScholastic,
260 _c2006
300 _a30 pages :
300 _bcolor illustration ;
440 _aFly guy.
500 _a360
999 _c336912
_d336912